EIA guidelines for harvesting of natural forests

Bibliographic Details
Corporate Author: Institut Penyelidikan Perhutanan Malaysia (FRIM)
Format: Book
Published: Kuala Lumpur : FRIM , 1997
Series:FRIM technical information handbook; n. 14
Subjects:

MARC

LEADER 00000cam a2200000 7i4500
001 0000000296
005 20040121.0
020 0 0 |a 9839592785 
090 0 0 |a 333.714   |b EIA 1997 
245 0 0 |a EIA guidelines for harvesting of natural forests 
260 0 0 |a Kuala Lumpur :   |b FRIM ,   |c 1997 
300 |a 62 p. :   |b ill. ;   |c 22 cm. 
440 0 0 |a FRIM technical information handbook; n. 14 
500 0 0 |a Bibliography: [p. 60] 
650 0 0 |a Environmental impact analysis 
650 0 0 |a Forests and forestry 
710 1 1 |a Institut Penyelidikan Perhutanan Malaysia (FRIM) 
998 |a JPSM 
999 |a 0000001398   |b Monograph   |c Open Shelf   |e Default branch 
999 |a 0000001504   |b Monograph   |c Open Shelf   |e Default branch 
999 |a 0000004347   |b Monograph   |c Open Shelf   |e Default branch